LEADER 00949nam a2200241 i 4500 001 000000364738 003 CaOOAMICUS 005 20251020095611.0 008 251020s1972 it u000 u ita u 040 $aSeMil$bita 100 1 $aBonfantini, Massimo A.,$d<1942- >.$0(OLS)http://semarc/name/32828 245 10$aIntroduzione a Whitehead /$cdi Massimo A. Bonfantini. 264 1$aRoma ; Bari :$bLaterza,$c1972. 300 $a235 p. ;$c18 cm 490 0 $aI filosofi ;$v15 600 14$aWhitehead, Alfred North.$0(OLS)http://semarc/subject/12043 830 2$aI filosofi ;$v15.$0(OLS)http://semarc/title/6925 850 $aSeMil 852 $aSeMil$W1$xVenegono$y1$m2LA M 15$j263462$B255593$CSeMilBibl$Z2$F255593 $81 961 $aBuzzi mons. Franco - Omaggio 996 $6245$aIntroduzione a Whitehead$9(OLS)http://semarc/title/456207 996 $6264$aRoma ; Bari :$bLaterza$9(OLS)http://semarc/publisher/30305 LEADER 00971nam a2200253 i 4500 001 000000199133 003 CaOOAMICUS 005 20110316000000.0 008 110316s1946 it u000 u ita u 013 $a177824 040 $aSeMil$bita 100 1 $aPellegrino, Ubaldo,$d<1920- >.$0(OLS)http://semarc/name/9662 245 10$aSpagna e comunismo /$cU. Pellegrino. 260 $aBusto Arsizio :$bEdizioni de L'Idea,$c1946. 300 $a44 p. ;$c17 cm. 490 0 $aDocumentazioni ;$v9 650 4$aComunismo.$0(OLS)http://semarc/subject/9741 650 4$aSpagna.$0(OLS)http://semarc/subject/5910 830 0$aDocumentazioni ;$v9.$0(OLS)http://semarc/title/33013 850 $aSeMil 852 $aSeMil$W1$xVenegono$y1$m5D VIII 11/42$j149686$B149686$CSeMilBibl$Z2$F161055 $81 961 $aOmaggio: Altro 996 $6245$aSpagna e comunismo$9(OLS)http://semarc/title/287916 996 $6260$aBusto Arsizio :$bEdizioni de L'Idea$9(OLS)http://semarc/publisher/34322